|
|
|
|
| LEADER |
00000nam0a2200000 4500 |
| 001 |
354349 |
| 005 |
20231102010701.0 |
| 035 |
|
|
|a (RuTPU)RU\TPU\retro\11607
|
| 090 |
|
|
|a 354349
|
| 100 |
|
|
|a 20200618d1979 m y0rusy50 ca
|
| 101 |
0 |
|
|a rus
|a lat
|
| 102 |
|
|
|a RU
|
| 105 |
|
|
|a y j 001zy
|
| 200 |
1 |
|
|a Методика преподавания латинского языка
|e учебное пособие для вузов
|f Н. Л. Кацман
|
| 210 |
|
|
|a Москва
|c Высшая школа
|d 1979
|
| 215 |
|
|
|a 142 с.
|
| 225 |
1 |
|
|a Библиотека преподавателя
|
| 320 |
|
|
|a Библиогр.: с. 136-141
|
| 606 |
1 |
|
|a Латинский язык
|2 stltpush
|3 (RuTPU)RU\TPU\subj\39876
|9 59775
|
| 610 |
1 |
|
|a учебные пособия
|
| 610 |
1 |
|
|a методика
|
| 610 |
1 |
|
|a преподавание
|
| 610 |
1 |
|
|a обучение
|
| 610 |
1 |
|
|a методы
|
| 610 |
1 |
|
|a цели
|
| 610 |
1 |
|
|a фонетика
|
| 610 |
1 |
|
|a лексика
|
| 610 |
1 |
|
|a грамматика
|
| 610 |
1 |
|
|a чтение
|
| 686 |
|
|
|a Ш146
|v LBC/SL-A
|2 rubbk
|
| 700 |
|
1 |
|a Кацман
|b Н. Л.
|g Нина Лазаревна
|
| 801 |
|
1 |
|a RU
|b 63413507
|c 20200618
|
| 801 |
|
2 |
|a RU
|b 63413507
|c 20201228
|g RCR
|
| 942 |
|
|
|c BK
|